| 000 | 00579nam a2200193 i 4500 | ||
|---|---|---|---|
| 001 | 30591 | ||
| 003 | ES-MaACL | ||
| 005 | 20230909063111.0 | ||
| 007 | t| | ||
| 008 | 030127s1945 sp ||||1| spa d | ||
| 080 | _a616-001 | ||
| 100 | 1 |
_aBastos Ansart, Manuel, _d1887-1973 _926381 |
|
| 245 | 1 | 0 |
_aTraumatología / _cpor Manuel Bastos Ansart. |
| 260 |
_aBarcelona : _bLabor, _c1945 ( _fTall. Gráf. Iberoamericanos) |
||
| 300 |
_aXIX, 823 p. : _bil. col. y n. ; _c26 cm. |
||
| 650 | 4 |
_aTraumatología. _9159553 |
|
| 852 | 4 |
_aES-MaACL _jE-17 |
|
| 999 |
_c30591 _d30591 |
||